Presidents of Argentina by Picture - Statistics

General Stats
  • This quiz has been taken 68 times
    13 since last reset
  • The average score is 34 of 86
Answer Stats
Picture Hint Answer % Correct
1974-1976 Isabel Perón
82%
2023-Present Javier Milei
82%
1946-1955 | 1973-1974 Juan Perón
82%
1861-1868 Bartolomé Mitre
73%
2007-2015 Cristina Fernández de Kirchner
73%
1868-1874 Domingo Faustino Sarmiento
73%
2003-2007 Néstor Kirchner
73%
2019-2023 Alberto Fernández
64%
1989-1999 Carlos Menem
64%
1999-2001 Fernando de la Rúa
64%
1976-1981 Jorge Rafael Videla
64%
1829-1832 | 1835-1852 Juan Manuel de Rosas
64%
2015-2019 Mauricio Macri
64%
1983-1989 Raúl Alfonsín
64%
1958-1962 Arturo Frondizi
55%
2002-2003 Eduardo Duhalde
55%
1916-1922 | 1928-1930 Hipólito Yrigoyen
55%
1815 José de San Martín
55%
1880-1886 | 1898-1902 Julio Argentino Roca
55%
1981-1982 Leopoldo Galtieri
55%
1874-1880 Nicolás Avellaneda
55%
2001 Adolfo Rodríguez Saá
45%
1963-1966 Arturo Umberto Illia
45%
1826-1827 Bernardino Rivadavia
45%
1890-1892 Carlos Pellegrini
45%
1852-1860 Justo José de Urquiza
45%
1892-1895 Luis Sáenz Peña
45%
1886-1890 Miguel Ángel Juárez
45%
1955-1958 Pedro Eugenio Aramburu
45%
1982-1983 Reynaldo Bignone
45%
1970-1971 Roberto Marcelo Levingston
45%
1910-1914 Roque Sáenz Peña
45%
1860-1861 Santiago Derqui
45%
1932-1938 Agustín Pedro Justo
36%
1971-1973 Alejandro Agustín Lanusse
36%
1943 Arturo Rawson
36%
1815 Carlos María de Alvear
36%
1810-1811 Cornelio Saavedra
36%
1944-1946 Edelmiro Julián Farrell
36%
1955 Eduardo Lonardi
36%
1973 Héctor José Cámpora
36%
1895-1898 José Evaristo Uriburu
36%
1930-1932 José Félix Uriburu
36%
1906-1910 José Figueroa Alcorta
36%
1962-1963 José María Guido
36%
1966-1970 Juan Carlos Onganía
36%
1904-1906 Manuel Quintana
36%
1922-1928 Marcelo Torcuato de Alvear
36%
1943-1944 Pedro Pablo Ramírez
36%
1942-1943 Ramón Castillo
36%
1973 Raúl Lastiri
36%
1981 Roberto Eduardo Viola
36%
1938-1942 Roberto María Ortiz
36%
1827 | 1852 Vicente López y Planes
36%
1914-1916 Victorino de la Plaza
36%
1812-1813 Antonio Álvarez Jonte
27%
2001-2002 Eduardo Camaño
27%
1813-1815 Gervasio Antonio de Posadas
27%
1815-1816 Ignacio Álvarez Thomas
27%
1813 José Julián Pérez
27%
1811-1812 | 1812-1813 Juan José Paso
27%
1828-1829 Juan Lavalle
27%
1820 | 1827-1828 Manuel Dorrego
27%
1834-1835 Manuel Vicente Maza
27%
1820-1824 Martín Rodríguez
27%
2001 Ramón Puerta
27%
1982 Alfredo Oscar Saint Jean
18%
1816 Antonio González de Balcarce
18%
1981 Carlos Lacoste
18%
1811 Domingo Matheu
18%
2015 Federico Pinedo
18%
1981 Horacio Tomás Liendo
18%
1820 Ildefonso Ramos Mexía
18%
1815 | 1819-1820 José Rondeau
18%
1861 Juan Esteban Pedernera
18%
1824-1826 Juan Gregorio de las Heras
18%
1829 | 1833-1834 Juan José Viamonte
18%
1814 Juan Larrea
18%
1812 | 1816-1819 Juan Martín de Pueyrredón
18%
1820 Juan Pedro Aguirre
18%
1820 | 1832-1833 Juan Ramón Balcarce
18%
1811-1812 | 1815 | 1820 | 1820 Manuel de Sarratea
18%
1815 | 1820 Matías de Irigoyen
18%
1820 Miguel Estanislao Soler
18%
1812-1814 Nicolás Rodríguez Peña
18%
1811-1812 Feliciano Chiclana
9%
No matching quizzes found
Score Distribution
Percent of People with Each Score
Percentile by Number Answered
Your Score History
You have not taken this quiz since the last reset